| 000 | 00373nam a22001697a 4500 | ||
|---|---|---|---|
| 003 | UA-OsUOA | ||
| 001 | 1259 | ||
| 007 | ta | ||
| 008 | 20050721b un ||||| |||| 00| 0 ukr d | ||
| 100 | _aMaupassant | ||
| 700 | _aGuy | ||
| 942 | _cBK | ||
| 040 |
_aUA-OsUOA _cUA-OsUOA _dUA-OsUOA |
||
| 245 |
_aContes du jour et de la nuit. Le Horle. _bFrench |
||
| 955 | _a2 | ||
| 650 | 7 | _2UDC | |
| 999 |
_c287421 _d287421 |
||